TOP 10 MOST SHIFTY NBA PLAYERS - Statistics

General Stats
  • This quiz has been taken 41 times
  • The average score is 5 of 10
Answer Stats
Hint Answer % Correct
Golden State Warriors Stephen Curry
100%
Cleveland Cavaliers, Boston Celtics, Brooklyn Nets, Dallas Mavericks. Kyrie Irving
97%
76ers ,Nuggets,Pistons,Grizzlies Allen Iverson
62%
Sacramento Kings (2017-2025) and the San Antonio Spurs (2025-present). De'Aaron Fox
62%
Toronto Raptors, New Jersey Nets, Orlando Magic, Phoenix Suns, Dallas Mavericks, Memphis Grizzlies, Sacramento Kings, and Atlanta Hawks. Vince Carter
41%
Toronto Raptors, Orlando Magic, Houston Rockets, New York Knicks, Detroit Pistons, Atlanta Hawks, Qingdao DoubleStar Eagles (CBA), and San Antonio Spurs Tracy Mcgrady
27%
Miami Heat (2003-2016, 2018-2019), Chicago Bulls (2016-2017), and Cleveland Cavaliers (2017-2018) Dwayne Wade
22%
Sacramento Kings (1998-2001), Memphis Grizzlies (2001-2005, 2010-2011), Miami Heat (2005-2008), and Orlando Magic (2009-2010) Jason Williams
19%
Kings,Suns,Celtics,Cavs,Lakers, Nuggets,Wizards,Pelicans Isaiah Thomas
16%
Boston Celtics, Dallas Mavericks, Sacramento Kings, Chicago Bulls, New Orleans Pelicans, Los Angeles Lakers, Atlanta Hawks, LA Clippers, and Cleveland Cavaliers Rajon Rondo
16%
No matching quizzes found
Score Distribution
Percent of People with Each Score
Percentile by Number Answered
Your Score History
You have not taken this quiz